Java script manual = (رقم التسجيلة. 13821)

تفاصيل مارك
000 -الفاتح
حقل البيانات ثابتة الطول 00751nam a22002177a 4500
003 - محدد رقم الضبط
رقم الضبط OSt
005 - وقت وتاريخ اخر تعامل مع التسجيلة
رقم الضبط 20150408113914.0
008 - عناصر البيانات ثابتة الطول - معلومات عامة
حقل البيانات ثابتة الطول 110826s2010 jo ||||| |||| 00| 0 eng d
040 ## - مصدر الفهرسة
وكالة النسخ Dar ajnadeen
082 ## - رقم تصنيف ديوى العشرى
رقم الطبعة 21
رقم التصنيف 005.133
رقم المادة F A J
100 ## - المدخل الرئيسى - إسم شخصى
الإسم الشخصى AL-Faeih, Anwar Mefdy AL-Hmoud.
9 (RLIN) 3297
245 ## - بيان العنوان
العنوان Java script manual =
بقية العنوان مختبر البرمجة المتقدمة /
بيان المسئوليه,etc Anwar Mefdy AL-Hmoud AL-Faeih.
246 ## - العنوان الموازى
عنوان صحيح/عنوان مختصر مختبر البرمجة المتقدمة
250 ## - بيان الطبعة
بيان الطبعة 1st ed.
260 ## - PUBLICATION, DISTRIBUTION, ETC. (IMPRINT)
مكان الناشر او الموزع Amman, Jordan :
اسم الناشر او الموزع Muj-arabi-pub.
تاريخ النشر أو التوزيع 2010
300 ## - الوصف المادى
التعداد 191 p. :
تفاصيل ماديه اخرى للوعاء ill ;
أبعاد الوعاء 24 cm.
650 ## - المدخل الاضافى بالموضوع-مصطلح موضوعى
مصطلح موضوعي أو اسم جغرافي كعنصر مدخل Java Script (Computer program language)
9 (RLIN) 3298
650 ## - المدخل الاضافى بالموضوع-مصطلح موضوعى
مصطلح موضوعي أو اسم جغرافي كعنصر مدخل Java (Computer program language)
9 (RLIN) 3299
650 ## - المدخل الاضافى بالموضوع-مصطلح موضوعى
مصطلح موضوعي أو اسم جغرافي كعنصر مدخل Computers Application.
9 (RLIN) 3300
942 ## - عناصر المدخل الإضافي( كوها)
مصدر التصنيف او مخطط الترفيف Dewey Decimal Classification
Koha [default] item type DVD
المقتنيات
حالة الفقد نموذج السعر الفعال حالة تلف ليس للاعارة رقم الطلب تاريخ الاكتساب الموقع الحالي الباركود الفرع الرئيسي Date last seen نوع المادة فى نظام كوها مصدر التصنيف او خطة الترفيف Total Checkouts
  2013-03-10     005.133 F A J 2011-08-26 قسم الاجراءات الفنية (IC) 00102408 قسم الاجراءات الفنية (IC) 2013-03-10 كتاب Dewey Decimal Classification  
  2013-03-10     005.133 F A J 2011-08-26 قسم الاجراءات الفنية (IC) 00102406 قسم الاجراءات الفنية (IC) 2013-03-10 كتاب Dewey Decimal Classification  
  2013-03-10     005.133 F A J 2011-08-26 قسم الاجراءات الفنية (IC) 00102407 قسم الاجراءات الفنية (IC) 2013-03-10 كتاب Dewey Decimal Classification